00947 2200313 4500001002100000005001500021035002500036007000300061008004100064020002200105040001700127082001800144084001800162090002200180090002200202100001400224245013700238260003600375300003700411504002500448650002100473700002300494700001500517700002300532850001200555999002200567990002200589990002200611INLIS00000000003278520200513084946 a0010-121700000000058ta171213s2015 xx ind d a978-602-280-541-0 aYOPDYOGbind042[22]a615.852 a615.852 ALH a aDEP 615.852 ALH a aCB-D.11 2015-26210 aAlhamudin10aAgama dan pecandu narkoba :betnografi terapi metode inabah /cAlhamuddin, Moh. Toriqul Chaer, Puad Hasim; editor, Abdurrahman M.B.P31aYogyakarta :bDeepublish,c2015 axii, 236 hlm. :bilus. ;c20 cm. aTermasuk bibliografi 4aTerapi keagamaan0 aMoh. Toriqul Chaer0 aPuad Hasim0 aAbdurrahman M.B.P. aYOPDYOG aCB-D.11/2015-2621 aCB-D.11/2015-2621 aCB-D.11/2015-2621